<?xml version="1.0" encoding="UTF-8"?>
<record
    xmlns:xsi="http://www.w3.org/2001/XMLSchema-instance"
    xsi:schemaLocation="http://www.loc.gov/MARC21/slim http://www.loc.gov/standards/marcxml/schema/MARC21slim.xsd"
    xmlns="http://www.loc.gov/MARC21/slim">

  <leader>01835nam a22002897a 4500</leader>
  <controlfield tag="001">8117</controlfield>
  <controlfield tag="003">FISKH</controlfield>
  <controlfield tag="005">20250827103655.0</controlfield>
  <controlfield tag="008">250827b        cb ||||| |||| 00| 0 eng d</controlfield>
  <datafield tag="020" ind1=" " ind2=" ">
    <subfield code="a">9789996325243</subfield>
  </datafield>
  <datafield tag="040" ind1=" " ind2=" ">
    <subfield code="a">FISKH</subfield>
    <subfield code="b">khr</subfield>
    <subfield code="c">FISKH</subfield>
    <subfield code="d">FISKH</subfield>
  </datafield>
  <datafield tag="050" ind1=" " ind2=" ">
    <subfield code="a">PZ7</subfield>
  </datafield>
  <datafield tag="100" ind1=" " ind2=" ">
    <subfield code="a">Mony, Kun</subfield>
  </datafield>
  <datafield tag="245" ind1=" " ind2=" ">
    <subfield code="a">&#x1780;&#x17D2;&#x17A2;&#x17C2;&#x1780;&#x1780;&#x17B6;&#x179A;&#x1780;&#x17BC;&#x1793; :</subfield>
    <subfield code="b">wedding of the crow's children /</subfield>
    <subfield code="c">&#x17A2;&#x17D2;&#x1793;&#x1780;&#x179A;&#x17C0;&#x1794;&#x179A;&#x17C0;&#x1784; &#x1782;&#x17BB;&#x178E;&#x200B; &#x1798;&#x1793;&#x17D2;&#x1793;&#x17B8; ,&#x200B; &#x179C;&#x17B7;&#x1785;&#x17B7;&#x178F;&#x17D2;&#x179A;&#x1780;&#x179A;&#x179A;&#x17BC;&#x1794;&#x1797;&#x17B6;&#x1796; &#x1790;&#x17C3; &#x179F;&#x17B6;&#x1793;</subfield>
  </datafield>
  <datafield tag="260" ind1=" " ind2=" ">
    <subfield code="a">&#x1797;&#x17D2;&#x1793;&#x17C6;&#x1796;&#x17C1;&#x1789; : </subfield>
    <subfield code="b">Book World ,</subfield>
  </datafield>
  <datafield tag="300" ind1=" " ind2=" ">
    <subfield code="a">20 pages: </subfield>
    <subfield code="b">color illustrations ; </subfield>
    <subfield code="c">25 cm . </subfield>
  </datafield>
  <datafield tag="505" ind1=" " ind2=" ">
    <subfield code="a">P 
</subfield>
  </datafield>
  <datafield tag="520" ind1=" " ind2=" ">
    <subfield code="a">&#x1780;&#x17D2;&#x17A2;&#x17C2;&#x1780;&#x17A2;&#x1789;&#x17D2;&#x1787;&#x17BE;&#x1789;&#x17A2;&#x178E;&#x17D2;&#x178F;&#x17BE;&#x1780;&#x1791;&#x17C5;&#x179F;&#x17BB;&#x17B8;&#x1780;&#x17B6;&#x179A;&#x1780;&#x17BC;&#x1793;&#x1793;&#x17C5;&#x1785;&#x17BB;&#x1784;&#x178F;&#x17D2;&#x1793;&#x17C4;&#x178F; &#x17D4; &#x1796;&#x179F;&#x17CB;&#x17A0;&#x17C5;&#x179C;&#x17B6;&#x17A2;&#x178E;&#x17D2;&#x178F;&#x17BE;&#x1780;&#x1781;&#x17B6;&#x17C6;&#x1780;&#x1793;&#x17D2;&#x1791;&#x17BB;&#x1799;&#x1781;&#x17D2;&#x179B;&#x17BD;&#x1793;&#x178A;&#x17BE;&#x1798;&#x17D2;&#x1794;&#x17B8;&#x1794;&#x17B6;&#x1793;&#x1791;&#x17C5;&#x178A;&#x179B;&#x17CB;&#x1780;&#x1793;&#x17D2;&#x179B;&#x17C2;&#x1784;&#x1780;&#x17B6;&#x179A; &#x179F;&#x17D2;&#x179A;&#x17B6;&#x1794;&#x17CB;&#x178F;&#x17C2;&#x179C;&#x17B6;&#x1785;&#x17D2;&#x179A;&#x179B;&#x17C6;&#x1793;&#x17B7;&#x1799;&#x17B6;&#x1799;&#x1787;&#x17B6;&#x1798;&#x17BD;&#x1799;&#x179F;&#x178F;&#x17D2;&#x179C;&#x178A;&#x1791;&#x17C3;&#x1791;&#x17C0;&#x178F;&#x200B; &#x1780;&#x17CF;&#x1792;&#x17D2;&#x179B;&#x17B6;&#x1780;&#x17CB;&#x1798;&#x1780;&#x179B;&#x17BE;&#x178A;&#x17B8; &#x17A0;&#x17BE;&#x1799;&#x179F;&#x17D2;&#x179A;&#x17B6;&#x17C6;&#x179F;&#x17D2;&#x1793;&#x17BC;&#x1780;&#x179A;&#x17A0;&#x17BC;&#x178F;&#x178A;&#x179B;&#x17CB;&#x179F;&#x1796;&#x17D2;&#x179C;&#x1790;&#x17D2;&#x1784;&#x17C3; &#x17D4;</subfield>
  </datafield>
  <datafield tag="520" ind1=" " ind2=" ">
    <subfield code="a">A crow invited a turtle to attend a wedding feast at the top of a palm tree. A snake told the turtle to bite its tail so it could carry the turtle up to the wedding. But along the way, the turtle got distracted, talking to other animals, and accidentally let go. It fell to the ground and has remained silent ever since.</subfield>
  </datafield>
  <datafield tag="521" ind1="8" ind2=" ">
    <subfield code="a">650 
</subfield>
    <subfield code="b">Lexile estimate 
</subfield>
  </datafield>
  <datafield tag="521" ind1="8" ind2=" ">
    <subfield code="a">P 
</subfield>
    <subfield code="b">Raz-Plus 
</subfield>
  </datafield>
  <datafield tag="650" ind1=" " ind2=" ">
    <subfield code="a">&#x1780;&#x17D2;&#x17A2;&#x17C2;&#x1780;&#x1780;&#x17B6;&#x179A;&#x1780;&#x17BC;&#x1793;&#x200B;</subfield>
    <subfield code="v">&#x179A;&#x17BF;&#x1784;&#x1793;&#x17B7;&#x1791;&#x17B6;&#x1793;&#x1780;&#x17BB;&#x1798;&#x17B6;&#x179A;</subfield>
  </datafield>
  <datafield tag="650" ind1=" " ind2=" ">
    <subfield code="a">Wedding of the crow's childdren</subfield>
    <subfield code="v">Children's stories </subfield>
  </datafield>
  <datafield tag="700" ind1=" " ind2=" ">
    <subfield code="a">San, Thai </subfield>
    <subfield code="e">Illustrator </subfield>
  </datafield>
  <datafield tag="942" ind1=" " ind2=" ">
    <subfield code="2">ddc</subfield>
    <subfield code="c">KHB</subfield>
    <subfield code="n">0</subfield>
  </datafield>
  <datafield tag="999" ind1=" " ind2=" ">
    <subfield code="c">8117</subfield>
    <subfield code="d">8117</subfield>
  </datafield>
  <datafield tag="952" ind1=" " ind2=" ">
    <subfield code="0">0</subfield>
    <subfield code="1">0</subfield>
    <subfield code="2">ddc</subfield>
    <subfield code="4">0</subfield>
    <subfield code="7">0</subfield>
    <subfield code="8">Khmer-English Bilingual </subfield>
    <subfield code="a">002</subfield>
    <subfield code="b">002</subfield>
    <subfield code="c">TTP Khmer</subfield>
    <subfield code="d">2025-08-27</subfield>
    <subfield code="l">0</subfield>
    <subfield code="o">MON PZ7</subfield>
    <subfield code="p">2025-4272</subfield>
    <subfield code="r">2025-08-27 10:29:05</subfield>
    <subfield code="w">2025-08-27</subfield>
    <subfield code="y">KHB</subfield>
  </datafield>
</record>
